000
00275nam a2200121Ia 4500
008
190216s9999||||xx |||||||||||||| ||und||
100
_a
Sushkov
245
0
_a
Technical Thermodynamics
260
_b
Foreign Languages Pub
300
_a
394p
650
_a
Physics
942
_c
BK
999
_c
32702
_d
32702